| 000 | 00493nam a2200205Ia 4500 | ||
|---|---|---|---|
| 003 | OSt | ||
| 005 | 20230926160507.0 | ||
| 008 | 210210b1990 xxu||||| |||| 00| 0 eng d | ||
| 040 | _cAL | ||
| 041 | _aEnglish | ||
| 082 | _a658.8 NAIM | ||
| 100 |
_aNAIR (N Rajan). _9135244 |
||
| 245 | _aMarketing. | ||
| 260 |
_aNew Delhi. _bSultan Chand & Sons _c1990 |
||
| 300 | _axiv,408 | ||
| 650 |
_aMarketing _9135245 |
||
| 690 |
_aMarketing Management _9135246 |
||
| 906 | _a044720 | ||
| 942 |
_2ddc _cBK |
||
| 999 |
_c94353 _d94353 |
||